00488nam a2200181 a 4500001001300000003000900013005001700022008004100039020002300080082001500103100002100118245003400139260004400173300000900217500003500226505002200261650002300283nice12345678IN_TiNIC20260116013612.0050524s1993 lona grp 000 0 eng  a0196455 c49000a220.7bMET aMetzger, Bruce M aOxford Companion to the Bible aLondan bOxford University Press c1993 a874p aincludes index and biblioraphy2 aIndex, Bible Maps aBible-Commentaries